| 000 | 00633nam a2200217 a 4500 | ||
|---|---|---|---|
| 001 | 8127 | ||
| 003 | BD-RjUL | ||
| 005 | 20211208234528.0 | ||
| 008 | 160730s1981 bg a b 001 0 eng | ||
| 035 | _a(BD-RjUL)8172 | ||
| 040 |
_aDLC _cDLC _dDLC _dBD-RjUL _beng |
||
| 041 | _aeng | ||
| 082 | 0 | 0 |
_a333.315492 _223 _bLAN 1981 |
| 245 | 0 | 0 |
_aLand reform in Bangladesh / _cedited by Muhiuddin Khan Alamgir. |
| 260 |
_aDacca : _bCentre for Social Studies, _c1981. |
||
| 300 |
_axvi, 247 p. ; _c23 cm. |
||
| 500 | _aIncludes index. | ||
| 650 | 0 |
_aLand reform _zBangladesh. _925332 |
|
| 700 | 1 |
_aAlamgir, Mahiuddin Khan. _925333 |
|
| 942 |
_2ddc _cBK |
||
| 999 |
_c8127 _d8127 |
||